<?xml version="1.0" encoding="UTF-8"?>
<collection xmlns="http://www.loc.gov/MARC21/slim">
    <record>
        <controlfield tag="001">69167</controlfield>
        <controlfield tag="005">20180228135116.0</controlfield>
        <datafield tag="024" ind1="8" ind2=" ">
            <subfield code="2">sideral</subfield>
            <subfield code="a">85904</subfield>
        </datafield>
        <datafield tag="037" ind1=" " ind2=" ">
            <subfield code="a">ART-2014-85904</subfield>
        </datafield>
        <datafield tag="041" ind1=" " ind2=" ">
            <subfield code="a">spa</subfield>
        </datafield>
        <datafield tag="100" ind1=" " ind2=" ">
            <subfield code="0">(orcid)0000-0001-8320-0750</subfield>
            <subfield code="a">Jiménez Compaired, Ismael Javier</subfield>
            <subfield code="u">Universidad de Zaragoza</subfield>
        </datafield>
        <datafield tag="245" ind1=" " ind2=" ">
            <subfield code="a">La modificación del canon de constitucionalidad en los procedimientos de declaración de inconstitucionalidad de normas financieras y tributarias</subfield>
        </datafield>
        <datafield tag="260" ind1=" " ind2=" ">
            <subfield code="c">2014</subfield>
        </datafield>
        <datafield tag="506" ind1="0" ind2=" ">
            <subfield code="a">Access copy available to the general public</subfield>
            <subfield code="f">Unrestricted</subfield>
        </datafield>
        <datafield tag="520" ind1="3" ind2=" ">
            <subfield code="a">El juicio de constitucionalidad de las normas se efectúa atendiendo al respeto o no de una serie de disposiciones de rango constitucional o no a las que podemos denominar «canon de constitucionalidad» o «canon de enjuiciamiento». En el presente trabajo se analiza qué sucede en los casos en los que el canon original resulta modificado. Las diferencias observadas en función del tipo de proceso (recurso o cuestión de inconstitucionalidad) generan consecuencias discutibles: todo ello será objeto de examen alrededor de las normas del Derecho financiero y tributario, a través de varios casos referidos a impuestos autonómicos.</subfield>
        </datafield>
        <datafield tag="540" ind1=" " ind2=" ">
            <subfield code="9">info:eu-repo/semantics/openAccess</subfield>
            <subfield code="a">by</subfield>
            <subfield code="u">http://creativecommons.org/licenses/by/3.0/es/</subfield>
        </datafield>
        <datafield tag="655" ind1=" " ind2="4">
            <subfield code="a">info:eu-repo/semantics/article</subfield>
            <subfield code="v">info:eu-repo/semantics/publishedVersion</subfield>
        </datafield>
        <datafield tag="710" ind1="2" ind2=" ">
            <subfield code="1">4003</subfield>
            <subfield code="2">150</subfield>
            <subfield code="a">Universidad de Zaragoza</subfield>
            <subfield code="b">Departamento de Derecho de la Empresa</subfield>
            <subfield code="c">Derecho Financiero y Tributario</subfield>
        </datafield>
        <datafield tag="773" ind1=" " ind2=" ">
            <subfield code="g">151 (2014), 87-113</subfield>
            <subfield code="p">Cron. tribut.</subfield>
            <subfield code="t">Crónica tributaria</subfield>
            <subfield code="x">0210-2919</subfield>
        </datafield>
        <datafield tag="856" ind1="4" ind2="1">
            <subfield code="u">http://www.ief.es/documentos/recursos/publicaciones/revistas/cron_trib/151_Jimenez_resumen.pdf</subfield>
            <subfield code="z">Texto completo de la revista</subfield>
        </datafield>
        <datafield tag="856" ind1="4" ind2=" ">
            <subfield code="s">2295885</subfield>
            <subfield code="u">http://zaguan.unizar.es/record/69167/files/texto_completo.pdf</subfield>
            <subfield code="y">Versión publicada</subfield>
        </datafield>
        <datafield tag="856" ind1="4" ind2=" ">
            <subfield code="s">106297</subfield>
            <subfield code="u">http://zaguan.unizar.es/record/69167/files/texto_completo.jpg?subformat=icon</subfield>
            <subfield code="x">icon</subfield>
            <subfield code="y">Versión publicada</subfield>
        </datafield>
        <datafield tag="909" ind1="C" ind2="O">
            <subfield code="o">oai:zaguan.unizar.es:69167</subfield>
            <subfield code="p">driver</subfield>
            <subfield code="p">articulos</subfield>
        </datafield>
        <datafield tag="951" ind1=" " ind2=" ">
            <subfield code="a">2018-02-28-10:23:08</subfield>
        </datafield>
        <datafield tag="980" ind1=" " ind2=" ">
            <subfield code="a">ARTICLE</subfield>
        </datafield>
    </record>

    
</collection>